[Event "ICS rated standard match"]
[Site "204.178.125.65"]
[Date "2001.10.01"]
[Round "?"]
[White "Hossa"]
[Black "BrazilianMaster"]
[Result "0-1"]
[WhiteElo "2321"]
[BlackElo "2673"]
[PlyCount "262"]
[EventDate "2001.??.??"]

1. e4 e5 2. Nf3 Nc6 3. Bb5 a6 4. Bxc6 dxc6 5. O-O f6 6. d4 exd4 7. Qxd4 Qd6 8.
Qe3 Ne7 9. Nc3 Ng6 10. Qe2 Bg4 11. h3 Bxf3 12. Qxf3 Qe5 13. Rd1 Bd6 14. g3 O-O
15. Be3 Qe8 16. Bd4 Rd8 17. Qg2 Rf7 18. Qf1 Rfd7 19. Be3 b5 20. a3 Ne5 21. Qe2
Nc4 22. Rab1 Be5 23. Rxd7 Qxd7 24. Rd1 Bd6 25. Bc1 Qxh3 26. Qf1 Qh5 27. Kg2 Re8
28. Qd3 Be5 29. Rh1 Qg6 30. Nd1 Bd6 31. Nc3 a5 32. Rh4 Rd8 33. Kg1 Be7 34. Qe2
Qe8 35. Qf3 b4 36. axb4 axb4 37. Nb1 Qd7 38. Qb3 Qd1+ 39. Kg2 Qxc1 40. Qxc4+
Kh8 41. Qxc6 Bd6 42. Rh1 Qxb2 43. Nd2 h6 44. Nf3 Qc3 45. Qxc3 bxc3 46. Ne1 Kh7
47. f4 Ra8 48. Kf3 Ra1 49. Ke2 Kg6 50. Kd3 Kf7 51. Ke2 Rc1 52. Rf1 Bc5 53. Rf3
Bd4 54. g4 Ke6 55. Rh3 c5 56. Rh5 Kf7 57. Rd5 g5 58. fxg5 hxg5 59. Rd6 Be5 60.
Rd1 Rxd1 61. Kxd1 c4 62. Nf3 Ke6 63. Ke2 Bf4 64. Ng1 Kd6 65. Kf3 Kc5 66. Ke2
Be5 67. Nf3 Kb4 68. Kd1 Ka3 69. Kc1 Ka2 70. Ng1 Bf4+ 71. Kd1 Kb2 72. Nf3 Be5
73. Ng1 Kb1 74. Nf3 Ka2 75. Kc1 Ka3 76. Ng1 Bf4+ 77. Kd1 Kb4 78. Nf3 Kc5 79.
Ke2 Kd6 80. Kf2 Ke6 81. Ke2 Bc1 82. Kf2 Kd6 83. Nd4 Ke5 84. Ne2 Ba3 85. Kf3 Bb4
86. Ng3 Bc5 87. Nf5 Ke6 88. Ng7+ Kd6 89. Ne8+ Ke5 90. Nc7 Bb6 91. Nb5 Ba5 92.
Ke3 Bb4 93. Kf3 Be7 94. Nxc3 Kd4 95. Ne2+ Kc5 96. Ng3 Bd6 97. Nf5 Bf4 98. Ke2
Kb4 99. Ke1 Kc3 100. Kd1 Bh2 101. Kc1 Be5 102. Kd1 Bf4 103. Ne7 Kd4 104. Ke2
Kxe4 105. Nf5 Bc1 106. Kd1 Bb2 107. Ke2 Kf4 108. Nh6 Bc3 109. Kf1 Kf3 110. Kg1
Ke2 111. Nf5 Be5 112. Ne7 Kd1 113. Kf2 Kxc2 114. Ke3 c3 115. Nd5 Kb3 116. Nxc3
Kxc3 117. Ke4 Kd2 118. Kf3 Kd3 119. Kf2 Ke4 120. Kg2 Kf4 121. Kh3 f5 122. Kg2
fxg4 123. Kf2 g3+ 124. Ke2 g4 125. Kf1 Kf3 126. Ke1 g2 127. Kd2 g1=Q 128. Kd3
Qd4+ 129. Kc2 Qb2+ 130. Kd1 g3 131. Ke1 Qc1# {Hossa checkmated} 0-1

[Event "ICS rated blitz match"]
[Site "204.178.125.65"]
[Date "2001.10.02"]
[Round "?"]
[White "Dorky"]
[Black "Hossa"]
[Result "1/2-1/2"]
[WhiteElo "2469"]
[BlackElo "2524"]
[PlyCount "179"]
[EventDate "2001.??.??"]

1. e4 c5 2. Nf3 d6 3. d4 cxd4 4. Nxd4 Nf6 5. Nc3 a6 6. Bg5 e6 7. f4 Qb6 8. b3
Be7 9. Qd2 Qc5 10. Rd1 b5 11. Be2 O-O 12. Bf3 Ra7 13. Nb1 e5 14. Ne2 Rc7 15. c3
exf4 16. Bxf4 Rd8 17. b4 Qc4 18. Na3 Qc6 19. Qd4 Bg4 20. Bxg4 Nxg4 21. O-O Bf6
22. Qd3 Re7 23. h3 Ne5 24. Qc2 Rc8 25. Rf2 Rec7 26. Rd5 Nbd7 27. Qd1 Be7 28.
Rd4 Re8 29. Qd2 Nb6 30. Bg3 Nbc4 31. Nxc4 Nxc4 32. Qd3 Bf6 33. Rd5 Rce7 34. Rf4
Be5 35. Nd4 Qc7 36. Rg4 Rd7 37. Nf5 f6 38. Qf3 Bxg3 39. Rxg3 Ne5 40. Qh5 Qa7+
41. Kh1 Red8 42. Nd4 Qb8 43. Qf5 Rf7 44. Qe6 Qc7 45. Nf5 Kh8 46. Rxd6 g6 47.
Rxd8+ Qxd8 48. Ne3 Rc7 49. Qxa6 Rxc3 50. Qxb5 Qg8 51. a4 Rb3 52. a5 Qf8 53. Qc5
Qxc5 54. bxc5 Ra3 55. a6 Rxa6 56. Nd5 Nd7 57. Rc3 Rc6 58. h4 Nxc5 59. g3 g5 60.
Nxf6 Rxf6 61. Rxc5 gxh4 62. gxh4 Rf4 63. e5 Rxh4+ 64. Kg2 Kg7 65. Kf3 h5 66.
Rc7+ Kg6 67. e6 Kf5 68. e7 Rf4+ 69. Kg3 h4+ 70. Kg2 h3+ 71. Kg3 Rg4+ 72. Kf3
Rf4+ 73. Ke3 Re4+ 74. Kf3 Rf4+ 75. Ke2 Re4+ 76. Kf2 h2 77. e8=Q Rxe8 78. Rh7
h1=Q 79. Rxh1 Rf8 80. Rg1 Rh8 81. Rf1 Rh7 82. Rg1 Rh6 83. Rf1 Rh5 84. Rg1 Rh4
85. Rf1 Rh3 86. Rg1 Rh2+ 87. Kf1 Rd2 88. Rh1 Rd1+ 89. Kg2 Rxh1 90. Kxh1 {
Game drawn because neither player has mating material} 1/2-1/2

[Event "ICS rated blitz match"]
[Site "204.178.125.65"]
[Date "2001.10.02"]
[Round "?"]
[White "quagliarulo"]
[Black "Hossa"]
[Result "0-1"]
[WhiteElo "2036"]
[BlackElo "2521"]
[PlyCount "56"]
[EventDate "2001.??.??"]

1. e4 e6 2. d4 d5 3. e5 c5 4. c3 Nc6 5. Nf3 Nh6 6. Be3 Nf5 7. Be2 cxd4 8. cxd4
f6 9. exf6 gxf6 10. O-O Nxe3 11. fxe3 Qe7 12. Nc3 Bd7 13. e4 dxe4 14. Nxe4 Bh6
15. Re1 O-O-O 16. Nc5 e5 17. Bb5 Rhg8 18. Kh1 Qg7 19. Qc2 exd4 20. Nxd7 Qxd7
21. Rad1 Kb8 22. Bxc6 d3 23. Qc3 bxc6 24. Re4 d2 25. Rb4+ Ka8 26. Rc4 Qe7 27.
Rxc6 Qe2 28. Qc2 Qxg2# {quagliarulo checkmated} 0-1

[Event "ICS rated blitz match"]
[Site "204.178.125.65"]
[Date "2001.10.02"]
[Round "?"]
[White "Hossa"]
[Black "nyul"]
[Result "1-0"]
[WhiteElo "2528"]
[BlackElo "2064"]
[PlyCount "125"]
[EventDate "2001.??.??"]

1. e4 e5 2. Nf3 Nc6 3. Nc3 Nf6 4. d4 exd4 5. Nxd4 d6 6. Nxc6 bxc6 7. Be2 Be7 8.
Bf4 O-O 9. e5 dxe5 10. Qxd8 Rxd8 11. Bxe5 Bd6 12. Bxf6 gxf6 13. O-O-O Bf5 14.
Bf3 Bf4+ 15. Kb1 Be5 16. Bxc6 Rab8 17. Rxd8+ Rxd8 18. Rd1 Rb8 19. Na4 h5 20. b3
h4 21. f4 Bxf4 22. Rf1 Rb4 23. g3 hxg3 24. hxg3 Bxc2+ 25. Kxc2 Bxg3 26. Rxf6
Rf4 27. Rxf4 Bxf4 28. Kd3 f5 29. Bd7 Kf7 30. Bxf5 Ke7 31. Nc3 Kd6 32. Ke4 Bc1
33. Nb5+ Kc5 34. Nxa7 Kb4 35. Be6 Ka3 36. Nb5+ Kxa2 37. b4+ Kb2 38. Nxc7 Bd2
39. b5 Ba5 40. Nd5 Ka3 41. b6 Bxb6 42. Nxb6 Kb4 43. Kd3 Kc5 44. Nc4 Kc6 45. Kd4
Kb5 46. Ne3 Kc6 47. Bf7 Kb5 48. Bc4+ Kc6 49. Nf5 Kd7 50. Bf7 Kc6 51. Be8+ Kb6
52. Ng7 Kc7 53. Kc5 Kd8 54. Kd6 Kc8 55. Bc6 Kd8 56. Ne6+ Kc8 57. Kc5 Kb8 58.
Kb6 Kc8 59. Bb5 Kb8 60. Ba6 Ka8 61. Nf8 Kb8 62. Nd7+ Ka8 63. Bb7# {
nyul checkmated} 1-0

[Event "ICS rated blitz match"]
[Site "204.178.125.65"]
[Date "2001.10.02"]
[Round "?"]
[White "nyul"]
[Black "Hossa"]
[Result "0-1"]
[WhiteElo "2062"]
[BlackElo "2530"]
[PlyCount "84"]
[EventDate "2001.??.??"]

1. e4 c5 2. c4 g6 3. Nc3 Nh6 4. d3 Bg7 5. Nf3 f5 6. Be3 fxe4 7. dxe4 d6 8. Qd2
Ng4 9. Bf4 O-O 10. h3 Bxc3 11. bxc3 Nf6 12. Bd3 Nc6 13. O-O Nh5 14. Bh6 Rxf3
15. gxf3 Bxh3 16. Rfe1 Ne5 17. Be2 Nf7 18. Kh2 Be6 19. Rg1 Qc7 20. Bf4 Nxf4 21.
Qxf4 Ne5 22. Qh6 Bxc4 23. Bxc4+ Nxc4 24. Rxg6+ hxg6 25. Qxg6+ Kf8 26. Rg1 d5+
27. Kh1 e6 28. Qg8+ Ke7 29. Qxa8 Nd6 30. Rg7+ Nf7 31. Qg8 Qf4 32. Rxf7+ Qxf7
33. Qxf7+ Kxf7 34. exd5 exd5 35. Kg1 Ke6 36. Kf1 Ke5 37. Ke2 Kf4 38. a4 b6 39.
c4 dxc4 40. Kd2 a6 41. Kc3 b5 42. axb5 axb5 {nyul resigns} 0-1

[Event "ICS rated standard match"]
[Site "204.178.125.65"]
[Date "2001.10.02"]
[Round "?"]
[White "ChesterX"]
[Black "Hossa"]
[Result "1-0"]
[WhiteElo "2525"]
[BlackElo "2317"]
[PlyCount "155"]
[EventDate "2001.??.??"]

1. d4 d5 2. c4 e6 3. Nf3 Nf6 4. Nc3 Be7 5. Qc2 Nc6 6. e3 O-O 7. Be2 Nb4 8. Qb3
dxc4 9. Bxc4 b6 10. O-O Bb7 11. Ne5 Nd7 12. Rd1 Nxe5 13. dxe5 Qc8 14. e4 c5 15.
Bf4 Rd8 16. Rxd8+ Qxd8 17. Rd1 Qe8 18. Bb5 Qf8 19. Rd7 Bc8 20. Rd2 Bb7 21. a3
Nc6 22. Rd7 Nd4 23. Qa4 a6 24. Rxb7 axb5 25. Qd1 Qe8 26. Ne2 b4 27. Nxd4 cxd4
28. axb4 Bd8 29. Qc1 Qb5 30. h3 h6 31. Kh2 g5 32. Bg3 h5 33. f4 h4 34. Bf2 d3
35. Be3 Kg7 36. Qc3 gxf4 37. Bxf4 Kg6 38. Qd4 d2 39. Qxd2 Qf1 40. g3 hxg3+ 41.
Bxg3 Ra1 42. Qg2 Qxg2+ 43. Kxg2 Ra2 44. h4 Rxb2+ 45. Kf3 Rd2 46. b5 Rd3+ 47.
Kg4 Rd4 48. h5+ Kg7 49. Kf3 Rb4 50. Bf4 Rxb5 51. h6+ Kg6 52. Rd7 Bh4 53. Kg4
Be1 54. Rd8 Rb4 55. Rg8+ Kh7 56. Rg7+ Kh8 57. Rxf7 Bc3 58. Rc7 Bb2 59. Kg5 Ra4
60. Rb7 Bd4 61. Kf6 Ra8 62. Kxe6 Rg8 63. Rf7 Bc3 64. Kd7 Ra8 65. e6 Ra4 66. e7
Rd4+ 67. Bd6 Rxe4 68. e8=R+ Rxe8 69. Kxe8 b5 70. Be7 Kg8 71. h7+ Kh8 72. Bf6+
Bxf6 73. Rxf6 b4 74. Kf7 Kxh7 75. Rb6 b3 76. Rxb3 Kh6 77. Rb5 Kh7 78. Rh5# {
Hossa checkmated} 1-0

[Event "ICS rated standard match"]
[Site "204.178.125.65"]
[Date "2001.10.02"]
[Round "?"]
[White "Hossa"]
[Black "ChesterX"]
[Result "0-1"]
[WhiteElo "2310"]
[BlackElo "2532"]
[PlyCount "109"]
[EventDate "2001.??.??"]

1. e4 e6 2. d4 d5 3. Nc3 Bb4 4. e5 c5 5. a3 Bxc3+ 6. bxc3 Ne7 7. Qg4 Qc7 8. Bd3
cxd4 9. Ne2 dxc3 10. Qxg7 Rg8 11. Qxh7 Nbc6 12. f4 Rxg2 13. Be3 Rg8 14. Rg1 Rf8
15. Rb1 Bd7 16. Rb3 O-O-O 17. Rxc3 d4 18. Bxd4 Rh8 19. Qg7 Qa5 20. Be4 Rxh2 21.
Qg3 Rhh8 22. Qe3 Kb8 23. Bc5 Nf5 24. Bxf5 exf5 25. Qd2 Be6 26. Bd6+ Ka8 27.
Rcg3 Qb5 28. Rg7 f6 29. R7g6 Bc4 30. Nc3 Qb6 31. Na4 Qb1+ 32. Qd1 Qb5 33. Nc3
Qa5 34. Qd2 fxe5 35. Nd1 Rh2 36. Qxa5 Re2+ 37. Kf1 Rxc2+ 38. Ke1 Re2+ 39. Kf1
Nxa5 40. Nf2 exf4 41. Kg2 Bd5+ 42. Kf1 Rde8 43. Bb4 Nc6 44. Rxc6 bxc6 45. Rg7
Rb2 46. Re7 Rg8 47. Nd3 Bc4 48. Rd7 Rg3 49. Rd8+ Kb7 50. Bc5 Bxd3+ 51. Ke1 Rf3
52. Bf2 Rb1+ 53. Kd2 Rxf2+ 54. Kc3 Be4 55. Rd7+ {Hossa resigns} 0-1

[Event "ICS rated blitz match"]
[Site "204.178.125.65"]
[Date "2001.10.02"]
[Round "?"]
[White "Hadoken"]
[Black "Hossa"]
[Result "1-0"]
[WhiteElo "2763"]
[BlackElo "2532"]
[PlyCount "121"]
[EventDate "2001.??.??"]

1. e4 c5 2. Nf3 Nc6 3. d4 cxd4 4. Nxd4 Nf6 5. Nc3 d6 6. Bb5 Bd7 7. O-O e6 8. f4
Be7 9. Bxc6 Bxc6 10. e5 dxe5 11. Nxc6 Bc5+ 12. Kh1 bxc6 13. fxe5 Qxd1 14. Rxd1
Ng4 15. Ne4 Bb6 16. Bf4 Rb8 17. b3 Be3 18. Nd6+ Ke7 19. Bg3 h5 20. Rf1 Rbf8 21.
Nc4 h4 22. Be1 Rb8 23. Rf3 Bg5 24. h3 Nh6 25. Bf2 Ra8 26. Rd1 Nf5 27. Nd6 f6
28. exf6+ Bxf6 29. Nxf5+ exf5 30. Rxf5 Ke6 31. Rc5 Rhc8 32. Bd4 Rc7 33. Bxf6
gxf6 34. Rh5 Rg8 35. Rxh4 Rcg7 36. Re4+ Kf5 37. Re2 Rc8 38. g4+ Kg5 39. Kg2 a6
40. Rd6 Rh7 41. Rf2 Rf7 42. Rf5+ Kg6 43. h4 Kg7 44. h5 Rff8 45. c4 Rf7 46. Kf3
Rff8 47. Rc5 Rf7 48. Rcxc6 Rxc6 49. Rxc6 Ra7 50. Kf4 a5 51. Kf5 Rd7 52. Rxf6
Rd2 53. h6+ Kh7 54. Rf7+ Kh8 55. g5 Kg8 56. g6 Rd8 57. h7+ Kh8 58. Kg5 Re8 59.
Kh6 Rg8 60. Rf8 Rxf8 61. g7# {Hossa checkmated} 1-0

[Event "ICS rated blitz match"]
[Site "204.178.125.65"]
[Date "2001.10.02"]
[Round "?"]
[White "Hossa"]
[Black "Hadoken"]
[Result "0-1"]
[WhiteElo "2525"]
[BlackElo "2770"]
[PlyCount "95"]
[EventDate "2001.??.??"]

1. d4 d5 2. c4 e6 3. Nc3 Nf6 4. cxd5 exd5 5. Bg5 Be7 6. e3 Nc6 7. Bd3 a5 8. Nf3
Nb4 9. Bb5+ c6 10. a3 cxb5 11. Bxf6 gxf6 12. axb4 Bxb4 13. Qd3 Bxc3+ 14. Qxc3
Bg4 15. Nh4 O-O 16. O-O f5 17. g3 a4 18. Rfc1 Rc8 19. Qd3 Rc4 20. f3 Bh3 21.
Nxf5 Qg5 22. Nh4 Re8 23. Re1 f6 24. f4 Qg7 25. e4 dxe4 26. Rxe4 Rxe4 27. Qxe4
Rb4 28. Qe8+ Qf8 29. Qe2 Qd6 30. Rd1 Rxd4 31. Re1 Bd7 32. Qe7 Qxe7 33. Rxe7 b4
34. Kf2 a3 35. bxa3 bxa3 36. Nf3 Rd3 37. Ne1 Rd2+ 38. Ke3 Rd1 39. Nc2 a2 40.
Rxd7 Rxd7 41. h4 Rc7 42. Kd3 Rxc2 43. Kxc2 a1=Q 44. Kd3 Qd1+ 45. Ke3 b5 46. g4
b4 47. g5 b3 48. gxf6 {Hossa resigns} 0-1

[Event "ICS rated blitz match"]
[Site "204.178.125.65"]
[Date "2001.10.02"]
[Round "?"]
[White "Hadoken"]
[Black "Hossa"]
[Result "1/2-1/2"]
[WhiteElo "2776"]
[BlackElo "2519"]
[PlyCount "110"]
[EventDate "2001.??.??"]

1. e4 c5 2. Nf3 d6 3. d4 cxd4 4. Nxd4 Nf6 5. Nc3 a6 6. Bd3 e5 7. Nf5 Bxf5 8.
exf5 d5 9. O-O Bb4 10. Bd2 Nc6 11. a3 Bxc3 12. Bxc3 O-O 13. b4 e4 14. Be2 d4
15. Bb2 Qd5 16. g4 Qe5 17. a4 Rfd8 18. b5 axb5 19. axb5 Rxa1 20. Qxa1 Nb4 21.
Qa4 Nfd5 22. Bc4 Qf4 23. Bxd5 Qxg4+ 24. Kh1 Qf3+ 25. Kg1 Nxd5 26. Qxd4 Qg4+ 27.
Kh1 f6 28. c4 Qe2 29. Rc1 e3 30. fxe3 Qf3+ 31. Kg1 Qxe3+ 32. Qxe3 Nxe3 33. c5
Nxf5 34. c6 bxc6 35. bxc6 Kf7 36. Kf1 Rc8 37. Rc5 Ke6 38. Bc3 Ne7 39. c7 Kd6
40. Rh5 Nd5 41. Be1 h6 42. Bg3+ Ke6 43. Rh4 f5 44. Kf2 Nxc7 45. Rc4 Kd7 46.
Rd4+ Kc6 47. Rc4+ Kb6 48. Kf3 Kb7 49. Rb4+ Kc6 50. Rc4+ Kd7 51. Rd4+ Ke7 52.
Rc4 Kd8 53. Rd4+ Ke8 54. Rc4 Kd7 55. Rd4+ Ke7 {Game drawn by mutual agreement}
1/2-1/2

[Event "ICS rated blitz match"]
[Site "204.178.125.65"]
[Date "2001.10.02"]
[Round "?"]
[White "Hossa"]
[Black "Hadoken"]
[Result "1-0"]
[WhiteElo "2529"]
[BlackElo "2766"]
[PlyCount "151"]
[EventDate "2001.??.??"]

1. e4 Nc6 2. Nf3 d5 3. exd5 Qxd5 4. Nc3 Qd6 5. d4 Bf5 6. Nb5 Qd7 7. Bf4 Rc8 8.
Bc4 a6 9. Nc3 b5 10. Bb3 Bg4 11. d5 Qf5 12. dxc6 Qxf4 13. Qd5 Nh6 14. Rd1 Qd6
15. Qe4 Qf6 16. a4 Bxf3 17. gxf3 e6 18. axb5 axb5 19. Nxb5 Nf5 20. c3 Bd6 21.
Bc2 Qh6 22. Qc4 Bxh2 23. Bxf5 exf5 24. Qc5 Bd6 25. Nxd6+ cxd6 26. Rxh6 dxc5 27.
Rhd6 c4 28. c7 O-O 29. Rc6 Rfe8+ 30. Kf1 g5 31. Rd5 Kg7 32. Rxf5 h6 33. Rfc5
Rh8 34. Kg2 Rhe8 35. Rxc4 f6 36. b4 Re5 37. Re4 Rb5 38. f4 Kf7 39. Rd4 Ke7 40.
fxg5 hxg5 41. Rdc4 Rf5 42. Kg3 Kd7 43. f3 Ke7 44. Rd4 Rb5 45. Kg4 Rb7 46. Re4+
Kf7 47. Rec4 Rb5 48. R4c5 Rxc5 49. Rxc5 Ke6 50. b5 Kd6 51. b6 Kxc5 52. b7 Rxc7
53. b8=Q Rd7 54. Qf8+ Kb6 55. Qxf6+ Kb7 56. Qd4 Rc7 57. Qd5+ Kc8 58. Qe5 Rc4+
59. Kxg5 Kd8 60. Qd5+ Ke8 61. Qxc4 Ke7 62. Qe6+ Kxe6 63. f4 Kd5 64. f5 Ke5 65.
f6 Kd6 66. Kg6 Ke6 67. f7 Ke7 68. Kg7 Kd6 69. f8=Q+ Kd5 70. Qf4 Kc5 71. Kf6 Kb6
72. Ke6 Kb5 73. Qc7 Ka4 74. Qb7 Ka3 75. Qb1 Ka4 76. Qb4# {Hadoken checkmated}
1-0

[Event "ICS rated blitz match"]
[Site "204.178.125.65"]
[Date "2001.10.02"]
[Round "?"]
[White "Hadoken"]
[Black "Hossa"]
[Result "1-0"]
[WhiteElo "2741"]
[BlackElo "2554"]
[PlyCount "100"]
[EventDate "2001.??.??"]

1. e4 e6 2. Nf3 d5 3. exd5 exd5 4. Bb5+ c6 5. Be2 Bd6 6. O-O Nf6 7. d4 O-O 8.
Nc3 Re8 9. Re1 Bf5 10. Nh4 Be6 11. Bd3 Qc7 12. h3 Nbd7 13. Be3 Re7 14. Qf3 Rae8
15. Re2 Ne4 16. Nxe4 dxe4 17. Bxe4 Bc4 18. Bd3 Bd5 19. Qf5 Be4 20. Bxe4 Rxe4
21. g4 g6 22. Qf3 Qb6 23. c4 Qc7 24. Rae1 Qd8 25. Ng2 R4e6 26. d5 Ne5 27. Qe4
Rf6 28. Bd4 Re7 29. f4 Nd7 30. Qxe7 Bxe7 31. Rxe7 Kf8 32. Rxd7 Qxd7 33. Bxf6
cxd5 34. cxd5 Qxd5 35. g5 Qxa2 36. Rd1 Qa5 37. Rd8+ Qxd8 38. Bxd8 Ke8 39. Bf6
Kd7 40. Ne3 Kc6 41. Kf2 Kd6 42. Be5+ Kc5 43. Ng4 Kb4 44. Bc3+ Kb3 45. Ne5 b5
46. Nxf7 a5 47. Bxa5 Kxb2 48. Ne5 Kb3 49. h4 Ka4 50. Bd2 Kb3 {Hossa resigns}
1-0

[Event "ICS rated blitz match"]
[Site "204.178.125.65"]
[Date "2001.10.02"]
[Round "?"]
[White "Hossa"]
[Black "Hadoken"]
[Result "1/2-1/2"]
[WhiteElo "2546"]
[BlackElo "2749"]
[PlyCount "135"]
[EventDate "2001.??.??"]

1. e4 d5 2. exd5 Qxd5 3. Nc3 Qe6+ 4. Be2 Qg6 5. Nf3 Qxg2 6. Rg1 Qh3 7. d3 Nf6
8. Bf4 Qd7 9. Qd2 a5 10. Ne5 Qd8 11. O-O-O a4 12. d4 a3 13. b3 Nbd7 14. Nb5 Nd5
15. c4 c6 16. cxd5 cxb5 17. Bxb5 Ra5 18. Qe2 Rxb5 19. Qxb5 g6 20. Nc4 Bg7 21.
d6 e6 22. Nxa3 b6 23. Qc6 Ba6 24. Nc4 O-O 25. Rg3 Qc8 26. Qc7 Qb7 27. Qxb7 Bxb7
28. Ne5 Nf6 29. Rgd3 Nd5 30. Bd2 Rd8 31. Rf3 Nf6 32. Rc3 Nd5 33. Rc4 Rxd6 34.
Ra4 f6 35. Nd3 Ne7 36. Bf4 Rd7 37. Rc4 Ba6 38. Rc7 Rxc7+ 39. Bxc7 Nd5 40. Bg3
f5 41. Ne5 Nc3 42. Re1 f4 43. Bh4 Ne2+ 44. Kd1 Nxd4 45. Bd8 Be2+ 46. Rxe2 Nxe2
47. Kxe2 Bxe5 48. Bxb6 g5 49. Kf3 Kf7 50. Bc5 h5 51. a4 g4+ 52. Ke4 Bc7 53. b4
h4 54. f3 g3 55. h3 Ke8 56. a5 Kd7 57. a6 Kc6 58. Bd4 g2 59. b5+ Kxb5 60. a7
Bb6 61. a8=Q Bxd4 62. Qb7+ Bb6 63. Qd7+ Ka6 64. Qa4+ Kb7 65. Qd7+ Ka6 66. Qa4+
Kb7 67. Qd7+ Ka6 68. Qa4+ {Game drawn by repetition} 1/2-1/2

[Event "ICS rated standard match"]
[Site "204.178.125.65"]
[Date "2001.10.02"]
[Round "?"]
[White "Hossa"]
[Black "Tinker"]
[Result "0-1"]
[WhiteElo "2303"]
[BlackElo "2309"]
[PlyCount "75"]
[EventDate "2001.??.??"]

1. e4 e5 2. Nf3 Nc6 3. Bb5 a6 4. Ba4 Nf6 5. O-O b5 6. Bb3 Nxe4 7. Bd5 Nf6 8.
Bxc6 dxc6 9. Nxe5 Bd6 10. Re1 O-O 11. Nxc6 Bxh2+ 12. Kxh2 Qd6+ 13. Ne5 Ng4+ 14.
Kg1 Nxe5 15. d4 Ng4 16. g3 Qg6 17. f3 Nf6 18. g4 Bb7 19. Bd2 Nxg4 20. Qe2 Ne3+
21. Kf2 Nxc2 22. Na3 Nxd4 23. Rg1 Qf6 24. Bg5 Qb6 25. Qd3 Nxf3+ 26. Qe3 Nxg5
27. Rxg5 Qf6+ 28. Kg1 Qh6 29. Kf1 Rae8 30. Qf4 Re6 31. Nc2 Rf6 32. Rf5 Qh3+ 33.
Ke2 Rxf5 34. Qd4 c5 35. Qg1 Qf3+ 36. Kd2 Rd8+ 37. Nd4 Qf4+ 38. Kc2 {
Hossa resigns} 0-1

[Event "ICS Rated blitz match"]
[Site "204.178.125.65"]
[Date "2001.10.02"]
[Round "?"]
[White "Hossa"]
[Black "ACE-POINT"]
[Result "1-0"]
[WhiteElo "2554"]
[BlackElo "2274"]
[PlyCount "85"]
[EventDate "2001.??.??"]

1. d4 d6 2. e4 Nf6 3. f3 g6 4. Bd3 e5 5. c3 Nc6 6. Ne2 Bg7 7. O-O d5 8. Bb5
exd4 9. Nxd4 O-O 10. Nxc6 bxc6 11. Bxc6 Ba6 12. Re1 dxe4 13. Bxa8 Qxa8 14. Bg5
exf3 15. Qxf3 Bb7 16. Qf4 Ne4 17. Be7 Re8 18. Qxc7 a5 19. h3 Rxe7 20. Qxe7 Bf8
21. Qe5 Bc5+ 22. Kh1 Bd6 23. Qd4 Bc5 24. Qc4 Nf2+ 25. Kh2 Bd6+ 26. g3 Ne4 27.
Rxe4 Bxe4 28. Nd2 Bd5 29. Qd4 h5 30. c4 Bxg3+ 31. Kxg3 Qb8+ 32. Kf2 Qh2+ 33.
Ke3 Qxh3+ 34. Ke2 Qg2+ 35. Kd3 Qh3+ 36. Kc2 Be6 37. b3 h4 38. Qd8+ Kg7 39. Qxa5
Bf5+ 40. Kb2 Qd3 41. Qc3+ Qxc3+ 42. Kxc3 Kf6 43. b4 {ACE-POINT resigns} 1-0

[Event "ICS rated blitz match"]
[Site "204.178.125.65"]
[Date "2001.10.02"]
[Round "?"]
[White "FILTHYANIMAL"]
[Black "Hossa"]
[Result "0-1"]
[WhiteElo "2200"]
[BlackElo "2559"]
[PlyCount "68"]
[EventDate "2001.??.??"]

1. d4 d5 2. c4 e6 3. Nf3 c6 4. Nbd2 Nf6 5. e3 b6 6. Bd3 Bd6 7. Ne5 Bxe5 8. dxe5
Nfd7 9. f4 Nc5 10. Bc2 dxc4 11. Qg4 O-O 12. Nxc4 Nd3+ 13. Ke2 Nb4 14. Be4 Ba6
15. b3 Bxc4+ 16. bxc4 Qc8 17. Bd2 N4a6 18. Qh5 h6 19. Bc2 Nc5 20. Rac1 Rd8 21.
Bb4 Nba6 22. Ba3 Qc7 23. Rhd1 Rxd1 24. Rxd1 Rd8 25. Rxd8+ Qxd8 26. g4 b5 27.
Bxc5 Nxc5 28. cxb5 Qd5 29. bxc6 Qxa2 30. Kd2 Ne4+ 31. Kd1 Qd5+ 32. Kc1 Qd2+ 33.
Kb2 Qc3+ 34. Kc1 Nd2 {FILTHYANIMAL resigns} 0-1

[Event "ICS rated blitz match"]
[Site "204.178.125.65"]
[Date "2001.10.02"]
[Round "?"]
[White "Jei"]
[Black "Hossa"]
[Result "0-1"]
[WhiteElo "2005"]
[BlackElo "2559"]
[PlyCount "78"]
[EventDate "2001.??.??"]

1. e4 c5 2. Nf3 e6 3. d3 Nc6 4. g3 Nge7 5. Bg2 g6 6. O-O Bg7 7. c3 O-O 8. Re1
d6 9. Nbd2 Kh8 10. Nf1 f5 11. exf5 Nxf5 12. h4 Bf6 13. N1h2 e5 14. Ng5 d5 15.
Ng4 Bg7 16. c4 dxc4 17. dxc4 Qxd1 18. Rxd1 Nxg3 19. fxg3 Bxg4 20. Rd6 Rad8 21.
Rxd8 Nxd8 22. Be3 b6 23. Re1 h6 24. Ne4 Kh7 25. Bf2 Ne6 26. Nc3 Nd4 27. Nd5
Ne2+ 28. Kh2 Rxf2 29. Ne3 Bf3 30. a3 e4 31. h5 Bd4 32. hxg6+ Kxg6 33. Rxe2 Rxe2
34. Kh3 Bxe3 35. Bxf3 exf3 36. b3 Kf5 37. g4+ Kf4 38. a4 Bg1 39. Kh4 Rh2# {
Jei checkmated} 0-1

[Event "ICS Rated blitz match"]
[Site "204.178.125.65"]
[Date "2001.10.02"]
[Round "?"]
[White "Hossa"]
[Black "Jei"]
[Result "1-0"]
[WhiteElo "2560"]
[BlackElo "2004"]
[PlyCount "105"]
[EventDate "2001.??.??"]

1. e4 c5 2. Nf3 e6 3. d4 cxd4 4. Nxd4 Nf6 5. Nc3 Nc6 6. Ndb5 Bb4 7. a3 Bxc3+ 8.
Nxc3 d5 9. exd5 exd5 10. Bd3 O-O 11. O-O d4 12. Ne2 Re8 13. Re1 Bg4 14. Bg5 Re5
15. Qd2 Bf5 16. Qf4 Bxd3 17. Bxf6 Qxf6 18. Qxf6 gxf6 19. cxd3 Rae8 20. Kf1 Rb5
21. Rab1 a5 22. Nf4 Rxe1+ 23. Kxe1 Ne5 24. Kd2 a4 25. Ne2 Rb3 26. Kc2 Rxd3 27.
Nc1 Rb3 28. Nxb3 axb3+ 29. Kxb3 d3 30. Rd1 Kf8 31. f4 Ng4 32. Rxd3 Nxh2 33. Ka4
Ng4 34. Rb3 Nf2 35. Rxb7 Nd3 36. Rb8+ Kg7 37. f5 Ne1 38. Rb3 h6 39. Rg3+ Kh7
40. Kb4 h5 41. Kc3 h4 42. Rg4 Kh6 43. Kd2 Kh5 44. Rg8 h3 45. Kxe1 h2 46. Rh8+
Kg5 47. a4 Kxf5 48. a5 Kg4 49. a6 Kg3 50. Kf1 f5 51. a7 f4 52. a8=Q f3 53.
Qxf3# {Jei checkmated} 1-0

[Event "ICS rated blitz match"]
[Site "204.178.125.65"]
[Date "2001.10.02"]
[Round "?"]
[White "Jei"]
[Black "Hossa"]
[Result "0-1"]
[WhiteElo "2003"]
[BlackElo "2561"]
[PlyCount "74"]
[EventDate "2001.??.??"]

1. e4 d5 2. exd5 Qxd5 3. Nc3 Qe6+ 4. Qe2 Nc6 5. Qxe6 Bxe6 6. Nf3 O-O-O 7. Bb5
Nb4 8. Ba4 Bf5 9. d3 Bd7 10. Bb3 f6 11. a3 Nc6 12. O-O e5 13. Re1 Bg4 14. h3
Bxf3 15. gxf3 Nd4 16. Kg2 Nxb3 17. cxb3 Rxd3 18. Be3 Ne7 19. Red1 Rxd1 20. Rxd1
Nf5 21. Ne4 b6 22. Rd4 exd4 23. Bf4 d3 24. Nd2 Bd6 25. Be3 Nh4+ 26. Kf1 Be5 27.
Nc4 Nxf3 28. b4 Rd8 29. Nd2 Nxd2+ 30. Bxd2 Bxb2 31. Ke1 Bxa3 32. Kd1 a6 33. h4
Rd4 34. b5 Rxh4 35. bxa6 Rh1+ 36. Be1 Bb4 37. a7 Rxe1# {Jei checkmated} 0-1

[Event "ICS rated blitz match"]
[Site "204.178.125.65"]
[Date "2001.10.02"]
[Round "?"]
[White "Hossa"]
[Black "Jei"]
[Result "1-0"]
[WhiteElo "2562"]
[BlackElo "2002"]
[PlyCount "51"]
[EventDate "2001.??.??"]

1. e4 c5 2. Nf3 e6 3. d4 cxd4 4. Nxd4 Nf6 5. Nc3 Nc6 6. Ndb5 Bb4 7. Nd6+ Ke7 8.
Bf4 Nxe4 9. Ndxe4 d5 10. a3 Ba5 11. b4 Nxb4 12. Bd6+ Ke8 13. axb4 Bb6 14. Bb5+
Bd7 15. Bc5 Rc8 16. Nd6+ Kf8 17. Qf3 f6 18. Nxb7+ Bxc5 19. Nxd8 Rxd8 20. bxc5
Bxb5 21. Nxb5 Rd7 22. c6 Rd8 23. Rxa7 h5 24. Qa3+ Kg8 25. Qe7 Rh6 26. Qxg7# {
Jei checkmated} 1-0